The AVR microcontroller and embedded systems : (Record no. 527315)
[ view plain ]
| 000 -LEADER | |
|---|---|
| fixed length control field | 01255cam a2200349 a 4500 |
| 001 - CONTROL NUMBER | |
| control field | 15942549 |
| 003 - CONTROL NUMBER IDENTIFIER | |
| control field | NUST |
| 005 - DATE AND TIME OF LATEST TRANSACTION | |
| control field | 20190725053211.0 |
| 008 - FIXED-LENGTH DATA ELEMENTS--GENERAL INFORMATION | |
| fixed length control field | 091013s2011 njua 001 0 eng |
| 010 ## - LIBRARY OF CONGRESS CONTROL NUMBER | |
| LC control number | 2009039790 |
| 020 ## - INTERNATIONAL STANDARD BOOK NUMBER | |
| International Standard Book Number | 9789332518407 (alk. paper) |
| 020 ## - INTERNATIONAL STANDARD BOOK NUMBER | |
| International Standard Book Number | 0138003319 (alk. paper) |
| 035 ## - SYSTEM CONTROL NUMBER | |
| System control number | (OCoLC)ocn456977334 |
| 038 ## - RECORD CONTENT LICENSOR | |
| Staff Name | Faiza |
| 040 ## - CATALOGING SOURCE | |
| Original cataloging agency | DLC |
| Transcribing agency | DLC |
| Modifying agency | YDX |
| -- | YDXCP |
| -- | BWX |
| -- | DLC |
| 050 00 - LIBRARY OF CONGRESS CALL NUMBER | |
| Classification number | TJ223.P76 |
| Item number | M378136 2011 |
| 082 00 - DEWEY DECIMAL CLASSIFICATION NUMBER | |
| Classification number | 004.16 |
| Edition number | 22 |
| Author Mark | MAZ |
| 100 1# - MAIN ENTRY--PERSONAL NAME | |
| Personal name | Mazidi, Muhammad Ali. |
| 9 (RLIN) | 18480 |
| 245 14 - TITLE STATEMENT | |
| Title | The AVR microcontroller and embedded systems : |
| Remainder of title | using Assembly and C / |
| Statement of responsibility, etc. | Muhammad Ali Mazidi, Sarmad Naimi, Sepehr Naimi. |
| 260 ## - PUBLICATION, DISTRIBUTION, ETC. | |
| Place of publication, distribution, etc. | India : |
| Name of publisher, distributor, etc. | Dorling Kindersley, |
| Date of publication, distribution, etc. | c2014. |
| 300 ## - PHYSICAL DESCRIPTION | |
| Extent | 743 p. : |
| Other physical details | ill. ; |
| Dimensions | 29 cm. |
| 500 ## - GENERAL NOTE | |
| General note | Includes index. |
| 650 #0 - SUBJECT ADDED ENTRY--TOPICAL TERM | |
| Topical term or geographic name entry element | Atmel AVR microcontroller. |
| 9 (RLIN) | 18481 |
| 650 #0 - SUBJECT ADDED ENTRY--TOPICAL TERM | |
| Topical term or geographic name entry element | Embedded computer systems. |
| 9 (RLIN) | 17999 |
| 650 #0 - SUBJECT ADDED ENTRY--TOPICAL TERM | |
| Topical term or geographic name entry element | Assembly languages (Electronic computers) |
| 9 (RLIN) | 18482 |
| 650 #0 - SUBJECT ADDED ENTRY--TOPICAL TERM | |
| Topical term or geographic name entry element | C (Computer program language) |
| 9 (RLIN) | 1226 |
| 700 1# - ADDED ENTRY--PERSONAL NAME | |
| Personal name | Naimi, Sarmad. |
| 9 (RLIN) | 18483 |
| 700 1# - ADDED ENTRY--PERSONAL NAME | |
| Personal name | Naimi, Sepehr. |
| 9 (RLIN) | 18484 |
| 906 ## - LOCAL DATA ELEMENT F, LDF (RLIN) | |
| a | 7 |
| b | cbc |
| c | orignew |
| d | 1 |
| e | ecip |
| f | 20 |
| g | y-gencatlg |
| 942 ## - ADDED ENTRY ELEMENTS (KOHA) | |
| Source of classification or shelving scheme | |
| Koha item type | Book |
| Withdrawn status | Lost status | Source of classification or shelving scheme | Damaged status | Not for loan | Permanent Location | Current Location | Shelving location | Date acquired | Source of acquisition | Cost, normal purchase price | Total Checkouts | Total Renewals | Full call number | Barcode | Checked out | Date last seen | Date last checked out | Price effective from | Koha item type |
|---|---|---|---|---|---|---|---|---|---|---|---|---|---|---|---|---|---|---|---|
| Central Library (CL) | Central Library (CL) | First Floor - Computer Science | 07/25/2019 | Purchased | 1153.23 | 3 | 3 | 004.16 MAZ | CL-151 | 05/21/2024 | 01/22/2024 | 01/22/2024 | 07/25/2019 | Book | |||||
| Central Library (CL) | Central Library (CL) | First Floor - Computer Science | 07/25/2019 | Purchased | 1153.23 | 2 | 3 | 004.16 MAZ | CL-152 | 10/14/2023 | 06/16/2023 | 06/16/2023 | 07/25/2019 | Book | |||||
| Central Library (CL) | Central Library (CL) | First Floor - Computer Science | 07/25/2019 | Purchased | 1153.23 | 11 | 12 | 004.16 MAZ | CL-153 | 03/24/2026 | 02/22/2026 | 02/22/2026 | 07/25/2019 | Book | |||||
| Central Library (CL) | Central Library (CL) | First Floor - Computer Science | 07/25/2019 | Purchased | 1153.23 | 10 | 17 | 004.16 MAZ | CL-154 | 02/01/2026 | 01/02/2026 | 01/02/2026 | 07/25/2019 | Book | |||||
| Central Library (CL) | Central Library (CL) | First Floor - Computer Science | 07/25/2019 | Purchased | 1153.23 | 3 | 14 | 004.16 MAZ | CL-155 | 03/09/2026 | 12/28/2025 | 09/09/2025 | 07/25/2019 | Book |
